000 00576nam a2200193 a 4500
005 20240920064426.0
008 040624s2002 mx r 000 0 spa d
020 _a8483165627
035 _aUPN01000133938
049 _aF
050 4 _aLB1027
_bT6.6
100 1 _aTorralba Roselló, Francesc,
_d1967-
_930462
245 1 0 _aPedagogía de la vulnerabilidad /
_cFrancesc Torralba.
260 _aMadrid :
_bCCS,
_c2002.
300 _a42 p.
440 0 _aCuadernos de educación para la acción social ;
_v14
650 4 _aEducación
_xFines y objetivos
_94837
905 _aLibro
999 _c106089
_d106089